Stazioni ferroviarie della linea Alessandria-Piacenza - Statistics

Statistiche generali
  • Questo quiz è stato fatto 29 volte
  • Il punteggio medio è 10 su 16
Statistiche sulle risposte
Hint Risposta % Corretto
0+000 Alessandria
100%
38+118 Voghera
96%
21+915 Tortona
92%
96+513 Piacenza
88%
63+290 Stradella
81%
59+495 Broni
73%
30+663 Pontecurone
69%
83+603 Rottofreno
65%
47+604 Casteggio
62%
74+635 Castel San Giovanni
62%
78+998 Sarmato
54%
52+366 Santa Giuletta
46%
7+568 Spinetta
46%
88+121 San Nicoló
42%
67+987 Arena Po
38%
13+776 San Giuliano Piemonte
31%
Nessun quiz corrispondente trovato
Distribuzione punteggi
Percentuale di utenti per punteggio
Percentile per numero di risposta
I tuoi punteggi nel tempo
Non hai fatto questo quiz